00918cam a22002171 450000100060000000300080000600500170001400800390003103500190007003500190008904000520010804100080016008200250016810000400019324502970023326000380053030000210056850400200058965100480060970000430065725377BD-RjUL20211209050853.0140318q1888 enk 001 0 eng a(BD-RjUL)25447 a(OCoLC)1452088 aDLCcOCUdOCoLCdWvEDdNStBUdDLCdBD-RjULbeng aeng a942.06bCHH V-6 18881 aClarendon, Edward Hyde,d1609-1674.14aThe history of the Rebellion and civil wars in England :cby Edward, Earl of Clarendon. Re-edited from a fresh collation of the original ms. in the Bodleian Library, with marginal dates and occasional notes, by W. Dunn Macray.b begun in the year 1641 /nVol. VI (Books XV and XVI, and Index) aOxford :bClarendon Press,c1888. a446 p. ;c20 cm. aIncludes index. 0aGreat BritainxHistoryyStuarts, 1603-1714.1 aMacray, William Dunn,d1826-1916,eed.